000 00283nam a22001337a 4500
008 170331b xxu||||| |||| 00| 0 eng d
020 _a0892032553
041 _aeng
080 _a617
100 _a8
101 _aSHM
245 _aSHOULDER AND ELBOW
_cNORRIS, T.R
942 _2udc
_cBK
999 _c9300
_d9300